QCM sur la France - Statistiques

Statistiques générales
  • Ce quiz a été pris 116 fois
  • Le résultat moyen est 7 sur 10
Statistiques - réponses
Question Réponse % Correct
Quelle mer borde la côte sud-est de la France ? Méditerranée
97%
Quelle est la plus haute montagne de France ? Mont Blanc
96%
Quel fleuve traverse Paris ? Seine
94%
Quelle est la plus grande île de France métropolitaine ? Corse
88%
En quelle année la Tour Eiffel a-t-elle été inaugurée ? 1889
82%
Quelle ville est surnommée la “Ville Lumière” ? Paris
74%
Quel président français a signé les accords d’Évian en 1962 ? Charles de Gaulle
58%
Combien de régions compte la France métropolitaine depuis 2016 ? 13
48%
Combien de touristes visitent la France chaque année (en moyenne) ? 90 millions
35%
Quel est le plus grand département français en superficie (métropole) ? Gironde
35%
Aucun quiz correspondant
Distribution des résultats
% des personnes avec chaque résultat
Percentile par nombre de réponses
Votre historique - résultats
Vous n’avez pas pris ce quiz